| 000 | 00496nam a2200205Ia 4500 | ||
|---|---|---|---|
| 008 | 160803s9999 xx 000 0 und d | ||
| 020 | _a978-1416949732 | ||
| 100 | _aCostsworth, Elizabeth | ||
| 245 | 4 | _aThe Cat who went to heaven / | |
| 245 | _cElizabeth Coatsworth. | ||
| 260 | _aNew York : | ||
| 260 | _bScholastic Inc. | ||
| 260 | _c2008 | ||
| 300 | _a54 pages : | ||
| 300 | _billustrations ; | ||
| 300 | _c20 cm | ||
| 650 | _aTales -- | ||
| 650 | _xJapan. | ||
| 700 | _a1000 | ||
| 999 |
_c298669 _d298669 |
||